Threat Control Through Arms Control Annual Report to Congress (Record no. 565215)

000 -LEADER
fixed length control field 00383nam a2200109Ia 4500
008 - FIXED-LENGTH DATA ELEMENTS--GENERAL INFORMATION
fixed length control field 210430s9999 xx 000 0 und d
082 ## - DEWEY DECIMAL CLASSIFICATION NUMBER
Classification number 327.1740 C743T
100 ## - MAIN ENTRY--PERSONAL NAME
Personal name United States Arms Control & Disarmament Agency
9 (RLIN) 54589
245 ## - TITLE STATEMENT
Title Threat Control Through Arms Control Annual Report to Congress
Statement of responsibility, etc. United States Arms Control & Disarmament Agency
300 ## - PHYSICAL DESCRIPTION
Extent 120
942 ## - ADDED ENTRY ELEMENTS (KOHA)
Koha item type Book
Source of classification or shelving scheme
Holdings
Withdrawn status Lost status Damaged status Not for loan Collection code Permanent Location Current Location Shelving location Date acquired Total Checkouts Full call number Barcode Date last seen Price effective from Koha item type
          School of Chemical & Materials Engineering (SCME) School of Chemical & Materials Engineering (SCME) General Stacks 09/15/4   327.1740 C743T SCME-4504 04/30/2021 04/30/2021 Book
© 2023 Central Library, National University of Sciences and Technology. All Rights Reserved.